R. Gupta's popular master guide IFS-Indian forest service examination botany : (Record no. 39033)

MARC details
000 -LEADER
fixed length control field 00784nam a22002057a 4500
005 - DATE AND TIME OF LATEST TRANSACTION
control field 20100803154028.0
010 ## - LCCN (DPL NO)
LC control number ENG-97969
020 ## - INTERNATIONAL STANDARD BOOK NUMBER
International Standard Book Number 9788178129358
Terms of availability 135.00
035 ## - SYSTEM CONTROL NUMBER
System control number EN-81502
037 ## - SOURCE OF ACQUISITION
Source of stock number/acquisition DBAD/PUB
082 ## - DEWEY DECIMAL CLASSIFICATION NUMBER
Classification number 581
245 ## - TITLE STATEMENT
Title R. Gupta's popular master guide IFS-Indian forest service examination botany :
Remainder of title including paper I & II /
260 ## - PUBLICATION, DISTRIBUTION, ETC. (IMPRINT)
Place of publication, distribution, etc New Delhi
Name of publisher, distributor, etc Ramesh Publishing House
Date of publication, distribution, etc 2011
270 ## - ADDRESS
Address 12-H, New Daryaganj Road, Opp. Traffic Kotwali
City New Delhi
Postal code 110002
300 ## - PHYSICAL DESCRIPTION
Extent various pagings
Dimensions 25cm (pbk)
500 ## - GENERAL NOTE
General note Conducted by union public service commission (UPSC)
650 ## - SUBJECT ADDED ENTRY--TOPICAL TERM
Topical term or geographic name as entry element Botany
942 ## - ADDED ENTRY ELEMENTS (KOHA)
Source of classification or shelving scheme Dewey Decimal Classification
Item type English Books
Classification part 581
Call number suffix RGU
Holdings
Withdrawn status Lost status Not for loan Collection code Home library Current library Date acquired Source of acquisition Cost, normal purchase price Full call number Barcode Copy number Cost, replacement price Koha item type
    Not For Loan Non-fiction D.B.Act.Division D.B.Act.Division 03/08/2010 DBAD/PUB 135.00 581 RGU EN-81502 1 135.00 English Books

© Delhi Public Library
Hit Counter
free hit counter